00293nam a2200121Ia 4500008004100000100002000041245002200061260002400083300000800107650003200115942000700147999001700154190216s9999||||xx |||||||||||||| ||und|| aAlberto Moravia 4aThe Women Of Rome bPenguin Booksc1976 a170 aEnglish Novel-English Novel cBK c12678d12678